|
|
|
|
| LEADER |
00000cam a2200000 4500 |
| 001 |
vtls012235628 |
| 003 |
SK-MaSNL |
| 005 |
20260302053409.0 |
| 008 |
230725s2023 xo f nf 010 0 slo |
| 015 |
|
|
|a SNBA2025/04
|
| 020 |
|
|
|a 9788081094552
|q (brožované)
|
| 040 |
|
|
|a SNK
|b slo
|c SNK
|e rda
|
| 041 |
1 |
|
|a slo
|h eng
|
| 044 |
|
|
|a xo
|c SK
|
| 072 |
|
7 |
|a 316.8
|x Manželstvo a rodina. Sexuálne vzťahy
|2 konspekt
|
| 072 |
|
7 |
|a 37
|x Výchova a vzdelávanie
|2 konspekt
|
| 080 |
|
|
|a 316.356.2
|2 2011
|
| 080 |
|
|
|a 316.362.1-055.52
|2 2011
|
| 080 |
|
|
|a 173.5:173.7
|2 2011
|
| 080 |
|
|
|a 37
|2 2011
|
| 080 |
|
|
|a 316.346.32-053.2
|2 2011
|
| 080 |
|
|
|a 37.01:159.942
|2 2001
|
| 080 |
|
|
|a 316.346.32-053.4
|2 2011
|
| 080 |
|
|
|a (035)
|2 2011
|
| 100 |
1 |
|
|a Fortune, Joanna
|4 aut
|9 227088
|
| 240 |
1 |
0 |
|a 15-Minute Parenting 0-7 Years: Quick and easy ways to connect with your child
|l Slovensky
|
| 245 |
1 |
0 |
|a Lepším rodičom za 15 minút denne
|b 0-7 rokov : jednoduché a rýchle spôsoby, ako sa zblížiť so svojím dieťaťom
|c Joanna Fortune ; z anglického originálu 15-Minute Parenting 0-7 Years ... preložil Martin Šinaľ
|
| 264 |
|
1 |
|a Bratislava
|b Eastone Books
|c 2023
|
| 300 |
|
|
|a xiii, 204 strán
|c 21 cm
|
| 336 |
|
|
|a text
|b txt
|2 rdacontent
|
| 337 |
|
|
|a bez média
|b n
|2 rdamedia
|
| 338 |
|
|
|a zväzok
|b nc
|2 rdacarrier
|
| 500 |
|
|
|a Obsahuje biografické informácie o autorke
|
| 504 |
|
|
|a Obsahuje bibliografické odkazy
|
| 650 |
0 |
7 |
|a rodina
|2 SNKPH
|9 4138
|
| 650 |
0 |
7 |
|a rodičovstvo
|2 SNKPH
|9 1600
|
| 650 |
0 |
7 |
|a rodičia a deti
|2 SNKPH
|9 63347
|
| 650 |
0 |
7 |
|a výchova
|2 SNKPH
|9 957
|
| 650 |
0 |
7 |
|a výchova detí
|2 SNKPH
|9 309400
|
| 650 |
0 |
7 |
|a emocionálna výchova
|2 SNKPH
|9 71709
|
| 650 |
0 |
7 |
|a deti predškolského veku
|2 SNKPH
|9 4103
|
| 650 |
0 |
7 |
|a Family
|2 SNKPHeng
|9 267890
|
| 650 |
0 |
7 |
|a Parenting
|2 SNKPHeng
|9 312787
|
| 650 |
0 |
7 |
|a Parents and children
|2 SNKPHeng
|9 312750
|
| 650 |
0 |
7 |
|a Education
|2 SNKPHeng
|9 265320
|
| 650 |
0 |
7 |
|a Emotional education
|2 SNKPHeng
|9 310958
|
| 650 |
0 |
7 |
|a Preschool children
|2 SNKPHeng
|9 306219
|
| 655 |
|
7 |
|a príručky
|2 SNKPH
|9 74364
|
| 655 |
|
7 |
|a Handbooks, manuals, etc.
|2 SNKPHeng
|9 90964
|
| 700 |
1 |
|
|a Šinaľ, Martin
|c (prekladateľ)
|4 trl
|9 133975
|
| 852 |
|
|
|a Slovenská národná knižnica
|
| 919 |
|
|
|a 978-80-8109-455-2
|
| 954 |
|
|
|a odborná, vedecká literatúra cudzojazyčná (svetová)
|2 lita
|
| 958 |
|
|
|a NB
|
| 958 |
|
|
|a UP
|
| 968 |
|
|
|b ENG
|
| 999 |
|
|
|c 1109213
|d 1111143
|
| 952 |
|
|
|a SNK
|b SNK
|y PREZ
|7 0
|p 17A1564837
|o snkSC 209183
|i snk2025/2241
|8 0
|0 0
|1 0
|4 0
|d 2025-02-10
|l 0
|r 2025-11-03 00:00:00
|w 2026-02-24
|
| 952 |
|
|
|a SNK
|b SNK
|y VYP
|7 0
|p 17A1580477
|o snkSC 209183 D1
|i snk2025/15102
|8 3
|g 9.65
|0 0
|1 0
|4 0
|d 2025-09-25
|l 0
|r 2026-02-24 17:56:01
|w 2026-02-24
|